| 000 | 00588nam a2200157Ia 4500 | ||
|---|---|---|---|
| 005 | 20250425162101.0 | ||
| 008 | 250425s9999 xx 000 0 und d | ||
| 041 | _aspa | ||
| 245 | 0 | _aREVISTA CUBANA | |
| 250 | _a2A ED. | ||
| 260 |
_aCuba _bD.I.C.T _c1985 |
||
| 260 | _aLA HABANA | ||
| 500 | _aSEV PRESENTAN LAS TEMPERATURAS OPTIMAS DE EXCITACION PARA LAS LINEAS ESPECTRALES ULTIMAS DE 441 ELEMENTOS EN UN PLASMA DE CORRIENTE DIRECTA. LOS CALCULOS SIGUEN LAS IDEAS BASICAS DESCRITAS POR BOUMANSAUNQUE CONSIDERAN LA DISOCIACION EN LOS OXIDOS DE LOS E | ||
| 942 | _c01 | ||
| 010 | _a48533 | ||
| 999 |
_c222010 _d222010 |
||